Loading...
Science - Other Science | 1 | 3 | 0 | 2 | 45 | 63 | 110.50 | 1 | 4 |
History - American History | 1 | 3 | 0 | 1 | 45 | 31 | 88.50 | 1 | 3 |
Literature - American Literature | 0 | 2 | 0 | 0 | 20 | 88 | 107.50 | 1 | 1 |
Fine Arts - Other Arts | 0 | 2 | 0 | 0 | 20 | 88 | 114.00 | 1 | 2 |
Visual Arts | 0 | 1 | 0 | 1 | 10 | 130 | 130.00 | 0 | 1 |
Beliefs | 0 | 1 | 0 | 0 | 10 | 124 | 124.00 | 0 | 1 |
Geography | 0 | 1 | 0 | 0 | 10 | 79 | 79.00 | 1 | 1 |
History - European History | 0 | 1 | 0 | 1 | 10 | 113 | 113.00 | 0 | 1 |
Literature - British Literature | 0 | 1 | 0 | 0 | 10 | 94 | 94.00 | 0 | 1 |
Other Academic | 0 | 1 | 0 | 0 | 10 | 94 | 94.00 | 0 | 1 |
Science - Biology | 0 | 1 | 0 | 1 | 10 | 116 | 116.00 | 0 | 0 |
Auditory Arts | 0 | 1 | 0 | 0 | 10 | 98 | 98.00 | 0 | 1 |
Social Science | 0 | 0 | 0 | 0 | 0 | 0.00 | 0 | 0 | |
History - Other History | 0 | 0 | 0 | 0 | 0 | 0.00 | 0 | 0 | |
Literature - European Literature | 0 | 0 | 0 | 0 | 0 | 0.00 | 0 | 0 | |
History - Ancient History | 0 | 0 | 1 | 0 | -5 | 0.00 | 0 | 0 | |
Science - Chemistry | 0 | 0 | 1 | 0 | -5 | 0.00 | 0 | 0 | |
Current Events | 0 | 0 | 3 | 0 | -15 | 0.00 | 0 | 0 |